|
|
|
|
| LEADER |
00719cam a2200217 7i4500 |
| 001 |
0000021074 |
| 005 |
20170218090000.0 |
| 008 |
080311 bm |
| 020 |
|
|
|a 9789839236378
|
| 020 |
|
|
|a 9839236377 (pbk.)
|
| 040 |
|
|
|a UiTM
|
| 090 |
0 |
0 |
|a HF5438.4
|b .N53 2000
|
| 100 |
0 |
|
|a Nik Kamariah Nik Mat
|
| 245 |
1 |
0 |
|a Pengurusan jualan
|c Nik Kamariah Nik Mat, Nor Azila Mohd Noor.
|
| 260 |
|
|
|a Petaling Jaya, Selangor:
|b Prentice Hall,
|c 2000.
|
| 300 |
|
|
|a iv, 252 p.;
|c 24 cm.
|
| 504 |
|
|
|a Includes bibliographical references
|
| 650 |
0 |
0 |
|a Marketing --
|x Management
|
| 650 |
0 |
0 |
|a Sales management
|
| 997 |
|
|
|a Business & Accountancy, Faculty
|
| 999 |
|
|
|a 0000022675
|b BOK
|c OPEN SHELF
|e 1st Floor, Shah Alam
|